000 00894nam a2200241 a 4500
001 000043232
005 20260417183802.0
008 140226s2013 dr a 000 0 spa d
020 _a9591310668
040 _aDO-SdBNP
_bspa
_cBNPHU
082 _a305.2355
_bC355q
100 1 _aCastro Espín, Mariela
_970821
245 1 0 _a¿Qué nos pasa en la pubertad? /
_cMariela Castro Espín ; ilustraciones Luis Ernesto González González.
250 0 _a1a. ed en República Dominicana
260 _aSanto Domingo :
_bBúho,
_c2013.
300 _axi, 130 p. :
_bil. ;
_c21 cm.
590 _aInventariado, 2018/VM
650 4 _aAdolescencia
_xAspectos sociales
_9383
650 0 _aRelaciones interpersonales en la adolescencia
_931083
650 4 _aResponsabilidad en la adolescencia
_931084
700 1 2 _aGonzález González, Luis Ernesto,
_eil.
_970822
910 _aValidado. Control de calidad EMS
999 _c42721
_d42721